Normal view
MARC view
- Jayan P.R
Entry Personal Name
001 - CONTROL NUMBER
- control field: 3215
003 - CONTROL NUMBER IDENTIFIER
- control field: OSt
005 - DATE AND TIME OF LATEST TRANSACTION
- control field: 20180725153047.0
008 - FIXED-LENGTH DATA ELEMENTS
- fixed length control field: 180725|| aca||aabn | a|a d
040 ## - CATALOGING SOURCE
- Original cataloging agency: OSt
- Transcribing agency: OSt
100 ## - HEADING--PERSONAL NAME
- Personal name: Jayan P.R
670 ## - SOURCE DATA FOUND
- Source citation: Work cat.: (OSt): Chinnu S.R Mohammed favazil Rachana C 3214, Development and testing of mini tractor operated coleus digger, 2018
